000
00228 a2200097 4500
001
21793
100
_a
Bethel, L. L.
245
_a
Industrial Organization and Management
260
_a
_b
McGraw-Hill
_c
1962
090
_c
15159
_d
15159
942
_a
NUST-CAE
_c
M
_c
5735
999
_c
256866
_d
256866